[Event "72nd RUS-ch Superfinal 2019"]
[Site "Izhevsk"]
[Date "2019.08.20"]
[Round "9.3"]
[White "Vitiugov, Nikita"]
[Black "Jakovenko, Dmitry"]
[Result "1/2-1/2"]
[WhiteElo "2727"]
[BlackElo "2711"]
[Annotator "TA"]
[PlyCount "140"]
[EventDate "2019.08.10"]
[EventType "tourn"]
[EventCountry "RUS"]
[SourceTitle "playchess.com"]
[Source "ChessBase"]
[SourceQuality "1"]

{[%evp 10,140,10,17,19,-2,0,-6,0,0,0,0,0,-8,0,0,0,0,0,-5,21,0,0,0,5,0,24,0,14,4,0,6,12,0,0,0,0,0,0,0,15,14,58,33,51,12,35,29,46,41,34,34,28,26,35,27,34,14,47,54,64,64,64,62,114,43,73,68,74,51,58,64,47,47,53,61,224,231,219,222,233,211,279,208,190,120,129,122,234,316,334,318,324,323,297,190,197,189,181,13,13,13,22,8,8,8,8,8,8,8,8,8,8,0,4,0,0,0,8,0,0,0,0,0,8,0,0,0,8,8,8,8,8]} 1. Nf3 Nf6 $146 ({Predecessor:} 1... d5 2. g3 c6 3. Bg2 Bg4 4. c4 e6 5. O-O {½-½ (90) Prohaszka,P (2613)-Akobian,V (2647) Saint Louis 2018}) 2. g3 d5 3. Bg2 c6 4. O-O Bg4 5. c4 e6 6. Qb3 Qb6 {A11: English Opening: 1...c6} 7. d3 Nbd7 {[%cal Bb8d7,Bd7e5,Be5f3][%mdl 32]} 8. Qc2 dxc4 9. Qxc4 Bxf3 10. Bxf3 Ne5 11. Qf4 Nxf3+ 12. Qxf3 Be7 13. Nd2 {[%cal Bb1d2,Bd2c4,Bc4e3][%mdl 32]} O-O 14. Nc4 Qc7 15. Bd2 c5 16. Rfc1 Rac8 17. a3 b5 18. Ne3 Qd7 19. Rc2 Nd5 20. Rac1 Rc6 21. Ng4 {[#] And now Ne5 would win.} f6 22. Ne3 Rfc8 23. Kg2 a6 24. h4 Kf7 25. Ng4 {Threatens to win with Ne5+.} Ke8 26. h5 {Hoping for h6.} h6 27. Kg1 Nb6 28. Ba5 Qd5 29. Qxd5 Nxd5 30. e4 Nb6 31. Kf1 Bd8 32. Ne3 Nd7 33. Bxd8 Kxd8 (33... Rxd8 {is interesting.} 34. f4 Rd6 35. Ke2 Rd4 36. b4 cxb4 37. axb4 Rxb4 38. Ra1 Ra4) 34. Ke2 R6c7 35. f4 Nb6 36. b3 Kd7 (36... a5 $14) 37. Kf3 ({White should play} 37. a4 $16) 37... Kd6 38. a4 Nd7 39. axb5 axb5 40. Ra2 Nb8 41. f5 Nc6 42. Ra6 Ra7 $2 {[#]} (42... e5 $1 $14) 43. Rxa7 $1 $18 Nxa7 44. fxe6 Kxe6 {[%mdl 4096] Endgame KRN-KRN} 45. Nf5 Rc7 46. d4 c4 47. d5+ (47. Ne3 $18) 47... Ke5 $16 48. d6 Rc8 (48... Rb7 $16) 49. d7 (49. Nxg7 Kxd6 50. Nf5+ Kc5 $16) 49... Rd8 50. bxc4 ({But not} 50. Rd1 cxb3 51. Nxg7 f5 $18) 50... bxc4 51. Rd1 ({Weaker is} 51. Rxc4 Rxd7 52. Kf2 Rb7 $16) 51... Ke6 52. Nxg7+ Kf7 53. Nf5 Nc6 54. Rd6 $2 (54. Nd6+ $18 Ke7 55. Nf5+ {[%mdl 64] Double Attack} (55. Nxc4 Rxd7 56. Rxd7+ Kxd7 $18) 55... Kf7 56. Nxh6+ Ke6 57. Nf5 Ne5+ 58. Ke3) 54... Ne5+ $11 {The position is equal.} 55. Ke2 Rxd7 56. Nxh6+ Kg7 $1 57. Nf5+ Kh7 58. Rd5 {Black must now prevent g4.} c3 59. Kd1 {White wants to play Kc2.} Rc7 60. Kc2 Rc4 61. Rb5 Rxe4 62. Rb7+ Kh8 63. Kxc3 Rc4+ 64. Kd2 Rg4 65. Ke3 Rg5 66. Ke4 (66. Nd6 {is more complex.} Rxg3+ 67. Ke4 Rh3 68. Ne8 Rh4+ 69. Kd5) 66... Rxh5 67. Rb8+ Kh7 68. Rb7+ Kh8 69. Rb6 Ng4 70. Kf4 Rg5 {Accuracy: White = 56%, Black = 58%.} 1/2-1/2

[Event "72nd RUS-ch Superfinal 2019"]
[Site "Izhevsk"]
[Date "2019.08.20"]
[Round "9.4"]
[White "Tomashevsky, Evgeny"]
[Black "Predke, Alexandr"]
[Result "1/2-1/2"]
[WhiteElo "2702"]
[BlackElo "2632"]
[Annotator "TA"]
[PlyCount "67"]
[EventDate "2019.08.10"]
[EventType "tourn"]
[EventCountry "RUS"]
[SourceTitle "playchess.com"]
[Source "ChessBase"]
[SourceQuality "1"]

{[%evp 9,67,11,22,20,39,36,43,48,41,34,43,46,48,49,33,20,19,13,10,24,26,10,27,0,25,25,35,31,35,33,83,13,17,0,0,0,0,0,0,0,0,0,0,0,0,0,0,0,0,0,0,0,0,0,0,0,0,0,0,0]} 1. d4 Nf6 2. c4 e6 3. Nf3 d5 4. Nc3 Nbd7 5. Bf4 dxc4 6. e3 {D37: Queen's Gambit Declined: 5 Bf4} b5 7. Nxb5 Bb4+ 8. Nc3 {White is slightly better.} Nd5 9. a3 Nxc3 10. Qd2 {[%mdl 64] [#] Pin} Bxa3 {Strongly threatening ...Ne4.} 11. Qxc3 Bd6 12. Bxd6 cxd6 13. Bxc4 O-O {[#]} 14. O-O $146 Bb7 15. Be2 Nf6 16. Rfc1 Qb6 17. Nd2 Ne4 18. Nxe4 Bxe4 19. b4 a6 20. Qa3 ({White should play} 20. f3 $16 Bd5 21. Qa3) 20... Rab8 $1 $11 {The position is equal.} 21. Qa5 Qxb4 22. Qxb4 Rxb4 23. Rxa6 d5 24. h4 Rb2 25. Bf1 h5 26. Rac6 Kh7 27. f3 Bf5 28. Rc8 Rxc8 29. Rxc8 {KRB-KRB} Rd2 30. Rc7 Kg8 31. Rc8+ Kh7 32. Rc7 Kg8 33. Rc8+ Kh7 34. Rc7 {Accuracy: White = 74%, Black = 73%.} 1/2-1/2

[Event "72nd RUS-ch Superfinal 2019"]
[Site "Izhevsk"]
[Date "2019.08.20"]
[Round "9.5"]
[White "Fedoseev, Vladimir"]
[Black "Motylev, Alexander"]
[Result "1/2-1/2"]
[WhiteElo "2681"]
[BlackElo "2654"]
[Annotator "TA"]
[PlyCount "133"]
[EventDate "2019.08.10"]
[EventType "tourn"]
[EventCountry "RUS"]
[SourceTitle "playchess.com"]
[Source "ChessBase"]
[SourceQuality "1"]

{[%evp 12,133,22,16,12,6,3,12,12,12,15,4,11,0,0,-7,0,-34,-25,-18,-22,-35,-34,-39,-27,-32,-19,-12,-21,-18,-9,-18,-8,-32,-40,-36,-31,-64,-67,-83,-55,-85,-76,-89,-76,-77,-56,-62,-49,-131,-81,-76,-70,-77,-57,-96,-90,-93,-45,-45,-44,-37,-30,-39,-40,-48,0,-22,-14,-23,-21,-22,-14,-33,0,0,11,16,16,16,23,10,18,18,18,-20,6,6,7,0,0,-8,0,-17,13,0,17,16,17,18,14,10,10,8,10,8,12,0,0,0,0,0,0,0,0,0,0,0,0,0,0,0,0,0]} 1. e4 e5 2. Nf3 Nc6 3. Bb5 Nf6 4. d3 Bc5 5. c3 O-O 6. O-O d6 7. h3 Ne7 {C65: Ruy Lopez: Berlin Defence (3...Nf6), unusual lines and 4 0-0 Bc5} 8. d4 Bb6 9. Re1 Ng6 (9... c6 10. Bd3 Ng6 11. Be3 Nh5 12. Nbd2 Nhf4 13. Bf1 exd4 14. Nxd4 d5 15. N4f3 {½-½ (74) Grandelius,N (2682)-Le,Q (2714) Caleta 2019}) 10. Nbd2 c6 11. Bf1 Be6 12. b3 exd4 13. cxd4 d5 $146 ({Predecessor:} 13... Re8 14. a4 d5 15. e5 {½-½ (68) Mihailovs,A (2292)-Prozorovskij,V (2288) ICCF email 2015}) 14. exd5 (14. e5 $5 {[%cal Re5f6]} Nd7 15. Ba3 $11) 14... Bxd5 15. Bb2 Re8 16. Qc2 Qc7 17. Ne5 Ba5 18. Re3 Rad8 19. Ndc4 Bb4 20. a3 Bf8 21. b4 Be6 22. Rae1 Nd5 23. Rg3 Ngf4 24. Rc1 f6 $36 {[%mdl 2048] Black has some pressure.} 25. Ng4 Kh8 26. Rf3 Bf7 27. Qd2 Ne6 28. Rb3 Qf4 29. Qd1 Qb8 30. Na5 ({White should play} 30. Nge3 $15) 30... a6 31. Ne3 Nef4 32. Qd2 Nb6 33. Nac4 Na4 34. g3 Nxb2 (34... b5 {feels hotter.} 35. gxf4 Qxf4 36. Ba1 bxc4 37. Nxc4 Bd6) 35. Qxb2 Ne6 36. Rd3 Bg6 37. Rdd1 Bh5 38. Rd3 Bg6 39. Rdd1 Ng5 {[#] Hoping for ...b5.} 40. Bg2 Bh5 41. Rd3 Nf3+ 42. Kh1 Bg6 43. Rdd1 Be4 44. Nd2 Nxd2 45. Rxd2 Qc8 46. Kh2 Bxg2 {The position is equal.} 47. Kxg2 Qe6 48. Qc2 Rd7 49. Rcd1 Red8 50. Kh2 g6 51. Rd3 Qe4 {[%cal Rd7d4]} 52. Qb3 h5 53. Re1 Qe8 ({But not} 53... Rxd4 $2 54. Rxd4 Rxd4 55. Qf7 $18) (53... h4 {keeps more tension.} 54. Ng2 hxg3+ 55. Rxg3 Qf5 56. Rf3 Qg5) 54. Ng2 Qf7 55. Qxf7 Rxf7 56. Nf4 Kh7 $1 57. Ne6 Rdd7 58. Kg2 Bd6 59. f4 Kg8 60. g4 hxg4 61. hxg4 Rh7 62. d5 cxd5 63. Rxd5 {[#] Threatens to win with Red1.} Bxb4 64. Rxd7 {Rd8+ would kill now.} Bxe1 65. Rd8+ Kf7 66. Rd7+ Kg8 67. Rd8+ {Accuracy: White = 60%, Black = 56%.} 1/2-1/2

[Event "72nd RUS-ch Superfinal 2019"]
[Site "Izhevsk"]
[Date "2019.08.20"]
[Round "9.6"]
[White "Matlakov, Maxim"]
[Black "Artemiev, Vladislav"]
[Result "1/2-1/2"]
[WhiteElo "2701"]
[BlackElo "2761"]
[Annotator "TA"]
[PlyCount "60"]
[EventDate "2019.08.10"]
[EventType "tourn"]
[EventCountry "RUS"]
[SourceTitle "playchess.com"]
[Source "ChessBase"]
[SourceQuality "1"]

{[%evp 10,60,37,38,47,31,33,39,37,37,37,23,41,40,31,28,75,48,48,40,51,50,49,0,0,0,0,0,0,0,9,0,0,0,0,0,0,0,0,0,0,0,0,0,0,-8,0,0,0,0,0,0,0]} 1. Nf3 d5 2. d4 Nf6 3. c4 c6 4. Nc3 a6 5. c5 Bf5 6. Qb3 Ra7 {D15: Slav Defence: 4 Nc3 a6 and gambit lines after 4 Nc3 dxc4} 7. Nh4 Bg6 8. Nxg6 $146 (8. e3 Nbd7 9. Be2 e5 10. Nxg6 hxg6 11. Bd2 Be7 12. Qc2 exd4 13. exd4 Nf8 14. O-O-O {1-0 (55) Dubov,D (2703)-Postny,E (2615) St Petersburg 2018}) 8... hxg6 {White is slightly better.} 9. Bg5 e6 10. e4 Be7 11. e5 Nfd7 12. Bxe7 Qxe7 13. Na4 f6 14. exf6 Qxf6 15. O-O-O Rh4 16. Bd3 Rxd4 {[#] Hoping for ...Qf4+.The position is equal.} 17. Bxg6+ $1 {[%mdl 512]} Kd8 {White must now prevent ...Qg5+.} (17... Qxg6 18. Rxd4) 18. Rxd4 Qxd4 19. Bc2 Qxf2 20. Qh3 Nxc5 21. Nxc5 Qxc5 22. Qh8+ Kc7 {Strongly threatening ...Qe7.} 23. Qxg7+ Nd7 $1 24. h4 Qe3+ 25. Kb1 Ra8 26. h5 Qe5 $1 {[%cal Re5g7]} 27. Qg4 Nf6 28. Qg7+ Nd7 $1 29. Qg4 Nf6 30. Qg7+ Nd7 $1 {Accuracy: White = 57%, Black = 85%.} 1/2-1/2

[Event "72nd RUS-ch Superfinal 2019"]
[Site "Izhevsk"]
[Date "2019.08.21"]
[Round "10.1"]
[White "Inarkiev, Ernesto"]
[Black "Artemiev, Vladislav"]
[Result "0-1"]
[WhiteElo "2693"]
[BlackElo "2761"]
[Annotator "TA"]
[PlyCount "104"]
[EventDate "2019.08.10"]
[EventType "tourn"]
[EventCountry "RUS"]
[SourceTitle "playchess.com"]
[Source "ChessBase"]
[SourceQuality "1"]

{[%evp 12,104,20,15,62,60,52,0,0,-8,0,0,0,0,0,0,-8,-1,0,-12,0,0,0,-1,0,0,0,0,0,0,0,-47,0,0,10,-4,0,-9,0,0,0,0,0,-1,0,-74,-81,-67,-73,-104,-103,-111,-124,-109,-109,-100,-100,-212,-212,-307,-299,-355,-351,-243,-243,-535,-524,-812,-769,-729,-717,-1362,-1383,-1327,-1336,-945,-1130,-2269,-2277,-3776,-3700,-3773,-2283,-4702,-4618,-2796,-2565,-29962,-29960,-29966,-29968,-29976,-29976,-29974,-29973]} 1. e4 c5 2. Nf3 e6 3. d4 cxd4 4. Nxd4 a6 5. Nc3 Qc7 6. Bd3 Nf6 7. f4 b5 {B43: Sicilian: Kan Variation: 5 Nc3} (7... Bb4 8. Bd2 Bxc3 9. Bxc3 Qxf4 10. Qe2 Nc6 11. Rf1 Qh4+ 12. g3 Qg4 13. Nxc6 dxc6 14. Rxf6 Qxe2+ 15. Kxe2 gxf6 16. Bxf6 {1-0 (32) Grischuk,A (2766)-Caruana,F (2816) Leuven 2018}) 8. e5 b4 9. Ne4 ({White should play} 9. Na4 $14 Nd5 10. Be4) 9... Nxe4 $11 {The position is equal.} 10. Bxe4 Bb7 11. Qf3 Nc6 12. Be3 Nxd4 13. Bxd4 Bxe4 14. Qxe4 Rc8 15. O-O-O Be7 $146 16. Kb1 O-O 17. f5 exf5 18. Qxf5 Qc6 19. g4 a5 20. h4 a4 21. g5 Qe6 (21... b3 $5 22. cxb3 (22. axb3 axb3 23. cxb3 Qd5 $11) 22... axb3 23. axb3 Qd5 $11) 22. Rhf1 Rc6 23. Rd2 h6 24. Be3 hxg5 25. hxg5 Qxf5 26. Rxf5 Bc5 27. Bf4 Kh7 {[#] aiming for ...Kg6.} 28. g6+ ({Wrong is} 28. Rxd7 $2 Kg6 $19) (28. Bh2 $11) 28... Rxg6 $17 29. Rh5+ Kg8 {( -> ...Rg1+)} 30. c3 b3 $36 {[%mdl 2048] White is under strong pressure.} 31. Rd1 Rg1 32. Rxg1 Bxg1 33. axb3 axb3 {[%mdl 4096] Endgame KRB-KRB} 34. Kc1 {[#]} (34. Rh1 $17 Bc5 35. Kc1) 34... Ra8 $1 $19 35. Rg5 (35. e6 $142 dxe6 36. Rb5) 35... Ra4 36. Kd2 Rxf4 37. Rxg1 {KR-KR} Rf2+ 38. Kd3 $2 (38. Ke3 Rxb2 39. Rd1) 38... Rxb2 39. Kc4 Re2 40. Kxb3 Rxe5 41. Kc4 Kf8 42. Kd4 d6 43. c4 g5 44. Kc3 Ke7 45. Kd4 Ke6 46. Kd3 f6 47. Kd4 Kf5 48. Rf1+ Kg6 49. Kc3 f5 {Black mates.} 50. Rd1 Re6 51. Kd4 f4 52. Kd5 Kf5 {Accuracy: White = 33%, Black = 82%.} 0-1

[Event "72nd RUS-ch Superfinal 2019"]
[Site "Izhevsk"]
[Date "2019.08.21"]
[Round "10.2"]
[White "Motylev, Alexander"]
[Black "Matlakov, Maxim"]
[Result "1/2-1/2"]
[WhiteElo "2654"]
[BlackElo "2701"]
[Annotator "TA"]
[PlyCount "49"]
[EventDate "2019.08.10"]
[EventType "tourn"]
[EventCountry "RUS"]
[SourceTitle "playchess.com"]
[Source "ChessBase"]
[SourceQuality "1"]

{[%evp 21,49,10,22,0,0,0,0,0,0,0,0,0,0,0,0,0,0,0,0,0,0,0,0,0,0,0,0,0,0,0]} 1. e4 e5 2. Nf3 Nc6 3. Bb5 a6 4. Ba4 Nf6 5. O-O Nxe4 6. d4 b5 7. Bb3 d5 8. dxe5 Be6 9. Be3 Be7 10. c3 O-O 11. Nbd2 Bg4 {The position is equal.} 12. Re1 {C83: Open Ruy Lopez: 9 c3 Be7} (12. Nxe4 {feels hotter.} dxe4 13. Qd5 Qxd5 14. Bxd5 exf3 15. Bxc6 fxg2 16. Kxg2 Rad8 17. a4) (12. Nxe4 dxe4 13. Qd5 Qxd5 14. Bxd5 exf3 15. Bxc6 fxg2 16. Rfc1 Rab8 17. a4 b4 18. cxb4 Rxb4 19. Bxg2 c5 20. Bxc5 Bxc5 21. Rxc5 Rxb2 {½-½ (37) Karjakin,S (2773)-Anand,V (2768) Saint Louis 2018}) 12... Nxe5 {...Nd3 is the strong threat.} 13. Nxe4 Bxf3 $1 14. Qxd5 Qxd5 15. Bxd5 Rad8 16. Bb7 f5 $146 ({Predecessor:} 16... Rb8 17. Bxa6 Bxe4 18. Bd4 Nc6 19. Rxe4 Nxd4 20. cxd4 Bd6 21. a4 bxa4 {½-½ (21) Milnes,B-Northrup,G USA 1915}) 17. Nc5 Bxb7 18. Nxb7 Rd5 19. Bd4 Nc6 {next ...Kf7 is good for Black.} 20. Na5 Nxa5 21. Rxe7 {[%mdl 64] [#] Double Attack} Rf7 22. Re8+ Rf8 23. Re7 Rf7 24. Re8+ Rf8 25. Re7 1/2-1/2

[Event "72nd RUS-ch Superfinal 2019"]
[Site "Izhevsk"]
[Date "2019.08.21"]
[Round "10.3"]
[White "Predke, Alexandr"]
[Black "Fedoseev, Vladimir"]
[Result "1-0"]
[WhiteElo "2632"]
[BlackElo "2681"]
[Annotator "TA"]
[PlyCount "85"]
[EventDate "2019.08.10"]
[EventType "tourn"]
[EventCountry "RUS"]
[SourceTitle "playchess.com"]
[Source "ChessBase"]
[SourceQuality "1"]

{[%evp 11,85,36,40,18,17,2,19,24,31,32,62,47,72,48,54,72,64,24,62,48,87,70,83,76,63,60,58,51,72,58,81,49,47,35,50,33,69,85,125,126,170,177,497,501,506,503,494,364,343,312,709,653,702,690,641,430,420,427,473,470,475,452,770,764,755,760,746,547,723,745,745,745,741,741,775,763]} 1. d4 Nf6 2. c4 g6 3. Nc3 d5 4. cxd5 Nxd5 5. e4 Nxc3 6. bxc3 Bg7 7. Bg5 {D85: Exchange Grünfeld: Unusual White 7th moves and lines with 7 Nf3} (7. Qa4+ Nd7 8. Nf3 O-O 9. Be2 e5 10. Ba3 Re8 11. dxe5 Nxe5 12. Rd1 Bd7 13. Qb3 Nxf3+ 14. gxf3 Qc8 15. h4 Be6 16. c4 Rd8 17. Rxd8+ Qxd8 {0-1 (52) Vidit,S (2711)-Shankland,S (2731) Prague 2019}) 7... c5 8. Rc1 Qa5 {And now ...cxd4 would win.} 9. Qd2 {The position is equal.} Nd7 10. Nf3 h6 11. Be3 Nb6 $146 ({Predecessor:} 11... Nf6 12. Bd3 c4 13. Bb1 Ng4 14. Bf4 e5 15. dxe5 {1-0 (28) Saunina,L (2208)-Kristiansen,E (2219) Dresden 2013}) 12. h3 (12. dxc5 {seems wilder.} Nd7 13. Be2 Qc7 14. Nd4 Nxc5 15. Nb5) 12... cxd4 13. cxd4 Qxd2+ 14. Nxd2 (14. Kxd2 {feels hotter.} f5 15. Bd3 O-O 16. Ke2 Be6 17. Nh4) 14... Bd7 15. Nb3 f5 16. f3 Rc8 17. Rxc8+ Nxc8 18. Bd3 b6 19. Ke2 fxe4 20. fxe4 e5 21. dxe5 Bxe5 22. Nd4 Nd6 23. Rc1 Kd8 24. Nf3 Bg7 25. Bf4 $1 {[%cal Rf4d6]} Ne8 {[#]} 26. Bb8 $1 Be6 $2 (26... Bf8 {is a better chance.} 27. Ne5 (27. Bxa7 Bc5 $16) 27... Rh7 28. Bxa7 (28. Nxg6 Bd6 $16) 28... Bc5) 27. Bxa7 $18 Bxa2 28. Bxb6+ Ke7 29. Nh4 Bf7 30. Rc6 Kd7 $2 (30... Nf6 31. Rc7+ Kf8) 31. Bb5 Nd6 32. Rc7+ Ke6 33. Bc6 {Hoping for Bd5+.} Be5 34. Nf3 Rb8 {White is clearly winning.} 35. Bc5 Rb2+ {[#]} 36. Kd1 $1 {Threatens to win with Bd5+.} Rb1+ (36... Kf6 $142) 37. Kc2 {Strongly threatening Bd5+.} Rb2+ 38. Kc1 {Black must now prevent Bd5+.} Rxg2 39. Bd5+ Kf6 40. Bxd6 {[%csl Gf3][%cal Rd6e5]} Bb2+ 41. Kd1 {[%csl Gd5][%cal Rc7f7]} Bxd5 42. exd5 Rf2 43. Nd2 {Accuracy: White = 75%, Black = 33%.} 1-0

[Event "72nd RUS-ch Superfinal 2019"]
[Site "Izhevsk"]
[Date "2019.08.21"]
[Round "10.4"]
[White "Jakovenko, Dmitry"]
[Black "Tomashevsky, Evgeny"]
[Result "1/2-1/2"]
[WhiteElo "2711"]
[BlackElo "2702"]
[Annotator "TA"]
[PlyCount "73"]
[EventDate "2019.08.10"]
[EventType "tourn"]
[EventCountry "RUS"]
[SourceTitle "playchess.com"]
[Source "ChessBase"]
[SourceQuality "1"]

{[%evp 23,73,13,11,0,14,0,6,0,16,-33,-33,-32,-30,-39,-29,-38,-38,-36,-26,-27,-31,-46,-35,-38,-17,-35,-7,-10,-8,-7,-5,-8,-14,-2,0,0,0,0,0,0,0,0,0,0,0,0,0,0,0,0,0,0]} 1. e4 e5 2. Nf3 Nc6 3. Bb5 a6 4. Ba4 Nf6 5. O-O Be7 6. d3 b5 7. Bb3 d6 8. a4 Bd7 9. c3 O-O 10. Bc2 Re8 11. Re1 h6 12. Nbd2 Bf8 13. h3 {C90: Closed Ruy Lopez with 7...d6: Early deviations} Rb8 {[#]} 14. Nb3 $146 ({Predecessor:} 14. Nf1 b4 15. Ng3 bxc3 16. bxc3 d5 17. exd5 {½-½ (17) Areshchenko,A (2656)-Efimenko,Z (2647) Yerevan 2015}) 14... Ne7 15. d4 Ng6 16. dxe5 dxe5 17. axb5 axb5 18. Be3 Qc8 19. Nh2 c5 20. Qf3 c4 21. Nd2 Bc5 22. b4 cxb3 23. Bxb3 Rb6 24. c4 bxc4 25. Bxc4 {The position is equal.} Bxe3 26. Qxe3 Rc6 27. Qb3 Be6 28. Bxe6 Qxe6 (28... Rcxe6 {seems wilder.} 29. Nhf3 Nf4 30. Ra7 Qc5 31. Qe3 Qc2) 29. Qxe6 Rexe6 30. Rec1 Rxc1+ 31. Rxc1 Ra6 32. Nhf3 Ra4 33. Rc8+ Kh7 34. Rc7 Kg8 35. Rc8+ Kh7 36. Rc7 Kg8 37. Rc8+ {Accuracy: White = 62%, Black = 68%.} 1/2-1/2

[Event "72nd RUS-ch Superfinal 2019"]
[Site "Izhevsk"]
[Date "2019.08.21"]
[Round "10.5"]
[White "Alekseenko, Kirill"]
[Black "Vitiugov, Nikita"]
[Result "1/2-1/2"]
[WhiteElo "2650"]
[BlackElo "2727"]
[Annotator "TA"]
[PlyCount "131"]
[EventDate "2019.08.10"]
[EventType "tourn"]
[EventCountry "RUS"]
[SourceTitle "playchess.com"]
[Source "ChessBase"]
[SourceQuality "1"]

{[%evp 15,131,16,16,20,7,0,5,0,0,0,12,16,10,11,32,15,60,19,40,0,0,-27,-6,-27,29,0,0,0,0,0,19,0,39,25,48,0,45,53,60,56,55,57,50,41,66,56,108,85,213,201,721,743,732,736,902,902,825,886,1585,305,316,311,316,289,281,275,200,66,66,66,66,66,66,0,0,0,0,0,0,0,0,0,0,0,0,0,0,0,0,0,0,0,0,0,0,0,0,0,0,0,0,0,0,0,0,0,0,0,0,0,0,0,0,0,0,0,0,0]} 1. e4 e6 2. d4 d5 3. Nc3 Nf6 4. e5 Nfd7 5. f4 c5 6. Nf3 Nc6 7. Be3 a6 8. Qd2 b5 9. Nd1 {C11: French: Classical System: 4 e5 and 4 Bg5 dxe4} (9. a3 Rb8 10. dxc5 Bxc5 11. Bxc5 Nxc5 12. b4 Nd7 13. Bd3 Qb6 14. Ne2 f6 15. exf6 Nxf6 16. Ned4 Nxd4 17. Nxd4 {½-½ (31) Grischuk,A (2769)-Short,N (2652) Douglas 2018}) 9... Be7 10. Bd3 b4 11. O-O c4 12. Be2 a5 13. a3 $146 ({Predecessor:} 13. Nf2 O-O 14. Nh1 f5 15. exf6 Nxf6 16. Ng3 Bd7 17. Ne5 {1-0 (30) Girya,O (2103)-Cherepovskaya,M (2075) Satka 2005}) 13... bxa3 14. bxa3 a4 15. Nc3 Ra5 16. g4 h5 17. h3 Nf8 18. Qe1 Ng6 19. Qg3 Nh4 (19... hxg4 $142 20. hxg4 Kf8) 20. Nxh4 $11 Bxh4 21. Qg2 hxg4 22. hxg4 Be7 23. Bf3 Na7 24. Rfb1 Bd7 25. g5 Nb5 26. Nxb5 Rxb5 27. Rxb5 Bxb5 28. g6 $1 f5 29. exf6 $1 Bxf6 {[#]} 30. f5 $1 {[%mdl 512]} exf5 (30... Qb6 $14) 31. Rb1 $1 $16 {[%cal Rb1b5]} (31. Bxd5 Rh4 $11) 31... Bc6 {[#]} (31... Ba6 $16 {is a better defense.}) 32. Bf4 $1 $18 {aiming for Rb8.} Bxd4+ $2 (32... Ke7 33. Qd2 Kd7) 33. Kf1 Qh4 {[#]} 34. Qd2 $1 {Re1+ is the strong threat.} Bc5 35. Rb8+ Kd7 36. Rxh8 Qxh8 37. Bxd5 $2 (37. Qa5 {Intending Qc7+ and mate.} Qd8 38. Qxc5) 37... c3 38. Qd3 Qf8 39. Bf3+ Bd6 40. Bxc6+ ({Less strong is} 40. Bxd6 Qxd6 41. Qxf5+ Kc7 $16) 40... Kxc6 41. Qxc3+ (41. Qc4+ $18 Kb7 42. Qb5+ (42. Qxa4 Bxf4 43. Qxf4 Qf6 $11) 42... Kc7 43. Qc5+ (43. Qxa4 Bxf4 44. Qxf4+ Kc6 $16) 43... Kd7 44. Qd4) 41... Kb7 $14 42. Bxd6 {[%mdl 64] Overworked Piece} Qxd6 43. Qxg7+ {[%mdl 4096] Endgame KQ-KQ} Ka6 44. Ke2 ({White should play} 44. Qc3 $1 $14 Qxg6 45. Qc4+ Kb7 46. Qxa4) 44... Qe6+ {The position is equal.} 45. Kd2 Qd6+ 46. Ke2 Qe6+ 47. Kf2 {And now Qf7 would win.} Qb6+ 48. Kf3 Qc6+ $1 49. Kg3 Qd6+ 50. Kh3 Qxa3+ 51. c3 {Strongly threatening Qf6+.} Qd6 52. Qf7 {Threatens to win with g7.} Qf4 53. Qe6+ Kb7 54. Qe7+ Kc6 {White must now prevent ...Qg4+.} 55. Qf6+ Kb7 56. Qf7+ Kb6 57. Kg2 Qg4+ 58. Kf2 a3 59. Qe6+ Kb7 60. Qe7+ Kb6 61. g7 a2 62. Qd8+ Kb7 63. Qd5+ Kb6 64. Qb3+ Kc6 {( -> ...Qh4+)} 65. Qe6+ Kb7 66. Qd5+ {Accuracy: White = 55%, Black = 51%.} 1/2-1/2